000 00635nam a2200229 a 4500
001 13459
003 BD-JhCC
005 20231005101851.0
008 231005b20162017bg a|||| ||a| 000 0 ben d
020 _a9789849213352
035 _a(BD-JhCC)13459
040 _aBD-JhCC
_dBD-JhCC
041 _abengli
082 _a891.443
_bKHA 2017
100 _aখান, হাশেম
245 _aকটিক /
_cহাশেম খান।
260 _aঢাকা:
_bচন্দ্রাবতী একাডেমি;
_c2017.
300 _a111 p. :
_bill;
_c26 cm.
650 _aBengali Novel
942 _2ddc
_cBK
999 _c13459
_d13459